Initialed People DA to DZ Quiz Stats

Quiz Updated Nov 9, 2016

Challenge
Share
Tweet
Embed
Score 0/26 Timer 07:00
0 Plays Today
Initials Name % Correct
DTDonald Trump
90.4%
DEDwight Eisenhower
88.6%
DHDavid Hasselhoff
87.2%
DODonny Osmond
83.9%
DPDolly Parton
82.3%
DDDanny DeVito
79.4%
DRDaniel Radcliffe
78.6%
DQDennis Quaid
78%
DWDenzel Washington
74.3%
DCDavid Copperfield
70.8%
DBDaniel Boone
66%
DADan Aykroyd
61%
DFDavid Frost
59.3%
Initials Name % Correct
DLDiane Lane
57.8%
DJDon Johnson
57.8%
DKDonna Karan
56.5%
DVDonatella Versace
46.7%
DNDave Navarro
38.1%
DZDweezil Zappa
36.1%
DYDwight Yoakam
34%
DUDan Uggla
30.1%
DSDavid Sedaris
25.5%
DGDebbie Gibson
24.4%
DMDouglas MacArthur
19.5%
DXDeng Xiaoping
16.2%
DIDaniel Inouye
15.4%

You're not logged in!

Compare scores with friends on all Sporcle quizzes.
Sign Up with Email
OR
Log In

You Might Also Like...

Show Comments

Extras

Top Quizzes Today


Score Distribution

Your Account Isn't Verified!

In order to create a playlist on Sporcle, you need to verify the email address you used during registration. Go to your Sporcle Settings to finish the process.